| Tag |
First Indicator |
Second Indicator |
Subfields |
| LEADER |
00000cam a2200000 i 4500 |
| 001 |
in00000340669 |
| 005 |
20170418094424.0 |
| 008 |
760409s1976 xx 00000 eng d |
| 010 |
|
|
|a 66012859
|
| 020 |
|
|
|a 0525039953
|
| 035 |
|
|
|a (OCoLC)02104189
|
| 035 |
|
|
|9 ABL1863AM
|
| 040 |
|
|
|a LCI
|c LCI
|d TXA
|d UtOrBLW
|
| 049 |
|
|
|a TXAM
|c [1434254]
|
| 050 |
|
4 |
|a PS3568.U3
|b M9 1976
|
| 090 |
|
|
|a PS3568.U3
|b M94 1976
|
| 100 |
1 |
|
|a Rudd, Hughes.
|
| 245 |
1 |
0 |
|a My escape from the CIA (and into CBS).
|
| 250 |
|
|
|a Paperback ed.
|
| 264 |
|
1 |
|a New York :
|b Dutton,
|c 1976.
|
| 300 |
|
|
|a 253 pages ;
|c 21 cm.
|
| 336 |
|
|
|a text
|b txt
|2 rdacontent
|
| 337 |
|
|
|a unmediated
|b n
|2 rdamedia
|
| 338 |
|
|
|a volume
|b nc
|2 rdacarrier
|
| 999 |
|
|
|a MARS
|
| 999 |
f |
f |
|s 5e4781fa-5d6f-3074-9174-72b40af0ff5b
|i a2a27f1f-1e6b-3f77-9c50-c05ffcd51a5b
|t 0
|
| 952 |
f |
f |
|p normal
|a Texas A&M University
|b College Station
|c Sterling C. Evans Library
|d Evans: Library Stacks
|t 0
|e PS3568.U3 M94 1976
|h Library of Congress classification
|i unmediated -- volume
|m A14804331955
|
| 998 |
f |
f |
|a PS3568.U3 M94 1976
|t 0
|l Evans: Library Stacks
|